00641nam a2200181Ia 4500008004100000020002200041082001200063100002400075245011400099250001200213260004200225300001200267600003300279650001300312942000800325952010900333999001700442241115s9999 xx 000 0 und d a978-981-4133-03-6 a428 KIR aKirkpatrick,, Betty 0aVocabulary Building 4: a workbook specially designed to improve the vocabulary and writing skills of students a1st ed. aSingapore:bLearnce Publishing,c2004 av,136p. aHumanities & Natural Science aLanguage cBBD 001040708BB-HUMaUITUbUITUd2011-09-20eFBCg112.00l0pBB2142r2024-11-15 09:47:47w0000-00-00yBBD c26635d26635